[Event "World-chT Rapid"]
[Site "Dusseldorf"]
[Date "2023.08.27"]
[Round "5.17"]
[White "Deregnaucourt, Lucas"]
[Black "Mueller, Konstantin"]
[Result "1-0"]
[WhiteElo "2076"]
[BlackElo "1696"]
[PlyCount "125"]
[EventDate "2023.08.26"]
[EventType "team-swiss (rapid)"]
[EventRounds "12"]
[EventCountry "GER"]
[SourceTitle "CBM 215 Extra"]
[Source "ChessBase"]
[SourceDate "2023.09.30"]
[SourceVersion "1"]
[SourceVersionDate "2023.09.30"]
[SourceQuality "1"]
[WhiteTeam "Lausanne Ecole Polytechnique"]
[BlackTeam "Deutsche Schachjugend II"]
[WhiteTeamCountry "SUI"]
[BlackTeamCountry "GER"]

1. c4 Nf6 2. Nf3 e6 3. g3 d5 4. Bg2 dxc4 5. Qa4+ Bd7 6. Qxc4 Bc6 7. Nc3 Nbd7 8. 0-0 Bd6 9. e4 0-0 10. Re1 Ne5 11. Nxe5 Bxe5 12. Ne2 Bd6 13. Nd4 e5 14. Nxc6 bxc6 15. Qxc6 Qd7 16. Qc4 Rab8 17. a3 Qb5 18. Qxb5 Rxb5 19. Bf1 Rb6 20. d4 Nd7 21. Bh3 Rd8 22. Rd1 f6 23. b4 exd4 24. Bb2 Ne5 25. f4 Nc6 26. Kg2 a5 27. Bxd4 Nxd4 28. Rxd4 axb4 29. axb4 Rxb4 30. Be6+ Kf8 31. Rad1 Rxd4 32. Rxd4 Ke7 33. Bb3 Rb8 34. Rd3 Ra8 35. Kf3 Ra3 36. h4 Bc5 37. g4 Ra1 38. Bd1 Ra3 39. Bb3 Ra1 40. e5 Rf1+ 41. Ke4 fxe5 42. fxe5 Rf8 43. Rc3 Bb6 44. Rc6 Rf1 45. Rc3 Re1+ 46. Kd5 Rg1 47. Rf3 Rxg4 48. Kc6 Rxh4 49. Rf7+ Ke8 50. Rxg7 Re4 51. Kd5 Rf4 52. Rxh7 Rf7 53. Rh8+ Rf8 54. Rh6 Ke7 55. e6 Kd8 56. Rh7 Re8 57. Ba4 Rg8 58. e7+ Kc8 59. e8Q+ Rxe8 60. Bxe8 Kb7 61. Bc6+ Ka6 62. Rh4 Ka5 63. Ra4# 1-0

[Event "GER-ch U08"]
[Site "Willingen"]
[Date "2023.06.03"]
[Round "7"]
[White "Mueller, Konstantin"]
[Black "Stopp, Bruno"]
[Result "1-0"]
[WhiteElo "1568"]
[BlackElo "1170"]
[PlyCount "101"]
[EventDate "2023.05.30"]
[EventType "swiss"]
[EventRounds "7"]
[EventCountry "GER"]
[SourceTitle "CBM 214 Extra"]
[Source "ChessBase"]
[SourceDate "2023.07.31"]
[SourceVersion "1"]
[SourceVersionDate "2023.07.31"]
[SourceQuality "1"]

1. e4 e5 2. Nc3 Nf6 3. f4 Nc6 4. fxe5 Nxe5 5. d4 Nc6 6. e5 Nd5 7. Nf3 Bb4 8. Qd3 f6 9. Bd2 fxe5 10. Nxd5 Bxd2+ 11. Qxd2 0-0 12. Bc4 Kh8 13. 0-0 d6 14. dxe5 dxe5 15. Ng5 Bf5 16. Rad1 h6 17. Nf3 Bh7 18. Nc3 e4 19. Nd4 Nxd4 20. Qxd4 Rxf1+ 21. Kxf1 Qxd4 22. Rxd4 Rf8+ 23. Ke2 g5 24. Rd7 Rc8 25. Re7 b6 26. Be6 Rd8 27. Rxc7 a5 28. Rc8 Rxc8 29. Bxc8 Kg7 30. Bb7 e3 31. Be4 Bg8 32. Kxe3 Kf6 33. Nd5+ Bxd5 34. Bxd5 Ke5 35. Be4 Kf6 36. c3 Ke5 37. b4 a4 38. c4 Kd6 39. Kd4 h5 40. c5+ bxc5+ 41. bxc5+ Kc7 42. Ke5 g4 43. c6 a3 44. g3 Kc8 45. Kd6 Kd8 46. Bf5 Ke8 47. c7 Kf7 48. c8Q Kg7 49. Ke7 Kh6 50. Qg8 h4 51. Qg6# 1-0

[Event "GER-ch U08"]
[Site "Willingen"]
[Date "2023.06.01"]
[Round "3"]
[White "Mueller, Konstantin"]
[Black "Von Flottwell, Lionel"]
[Result "1-0"]
[WhiteElo "1568"]
[BlackElo "1136"]
[PlyCount "117"]
[EventDate "2023.05.30"]
[EventType "swiss"]
[EventRounds "7"]
[EventCountry "GER"]
[SourceTitle "CBM 214 Extra"]
[Source "ChessBase"]
[SourceDate "2023.07.31"]
[SourceVersion "1"]
[SourceVersionDate "2023.07.31"]
[SourceQuality "1"]

1. e4 e5 2. Nc3 Nc6 3. Bc4 Nf6 4. d3 Bc5 5. Nf3 0-0 6. Bg5 h6 7. Bh4 Bb4 8. 0-0 Be7 9. Qd2 d6 10. Bxf6 Bxf6 11. Nd5 Bg4 12. Qe3 Bxf3 13. Qxf3 Nd4 14. Qd1 c6 15. Ne3 Bg5 16. c3 Bxe3 17. fxe3 Ne6 18. d4 d5 19. Bb3 exd4 20. exd4 dxe4 21. Qg4 Ng5 22. h4 Nh7 23. Qxe4 Nf6 24. Qf3 Qd7 25. Qd3 Qd6 26. c4 Ng4 27. g3 Rae8 28. c5 Qc7 29. Rf3 h5 30. Raf1 Qd7 31. Rxf7 Rxf7 32. Bxf7+ Kh8 33. Bxe8 Qxe8 34. Qf3 Qd7 35. Qf8+ Kh7 36. Qf5+ Qxf5 37. Rxf5 Kg6 38. Rg5+ Kh6 39. d5 cxd5 40. Rxd5 Nf6 41. Rd6 Kg6 42. c6 bxc6 43. Rxc6 Kf5 44. Rc7 g5 45. hxg5 Kxg5 46. Rxa7 Kg4 47. Rg7+ Kf3 48. a4 Ne4 49. a5 Nxg3 50. Rxg3+ Kxg3 51. a6 h4 52. a7 h3 53. a8Q h2+ 54. Kh1 Kf2 55. Qe4 Kf1 56. Kxh2 Kf2 57. b4 Kf1 58. Kg3 Kg1 59. Qg2# 1-0